000 00623nam a2200217Ia 4500
008 160418s9999 xx 000 0 und d
020 _a971-23-2848-1
050 _aFIL PL 5517
050 _b.P34 2000
245 _aPagbasa at pagsulat :
245 _bpangkolehiyo /
245 _cJose A. Arrogante… [et al]
260 _aManila :
260 _bRex Book Store, Inc.,
260 _c2000
300 _a236 pages :
300 _c23 cm.
500 _aIncludes bibliographical references.
650 _aFilipino language -- Reading and writing.
650 _xFilipino language -- Rhetoric -- Study and teaching.
999 _c293425
_d293425